[Event "Rabat op"]
[Site "Rabat"]
[Date "2003.06.29"]
[Round "1"]
[White "Fareh, Youness"]
[Black "Laaziri, Thami"]
[Result "1-0"]
[WhiteElo "2231"]
[BlackElo "1600"]
[PlyCount "79"]
[EventDate "2003.06.??"]
[EventType "swiss"]
[EventRounds "3"]
[EventCountry "MAR"]
[SourceTitle "EXT 2005"]
[Source "ChessBase"]
[SourceDate "2004.11.15"]
[SourceVersion "1"]
[SourceVersionDate "2004.11.15"]
[SourceQuality "1"]

1. Nf3 Nf6 2. c4 g6 3. g3 Bg7 4. Bg2 0-0 5. 0-0 d6 6. Nc3 Re8 7. d3 Nbd7 8. Rb1 Nf8 9. Qc2 e5 10. b4 c6 11. b5 d5 12. bxc6 bxc6 13. Nd2 Be6 14. Qa4 Qc7 15. Ba3 Bh6 16. Nb3 Rac8 17. Nc5 N8d7 18. Na6 Qd8 19. cxd5 Nxd5 20. Nxd5 Bxd5 21. Bc1 Bxg2 22. Kxg2 Bxc1 23. Rfxc1 Nb6 24. Qa3 e4 25. Re1 e3 26. f3 Nd5 27. Nc5 f5 28. Rb7 Qg5 29. Qb2 Re7 30. Rxe7 Qxe7 31. d4 Qg5 32. Qb7 Rc7 33. Qb8+ Kf7 34. Qh8 Qh6 35. Nd3 Qg7 36. Ne5+ Ke6 37. Qe8+ Qe7 38. Qg8+ Kd6 39. Rb1 Qg7 40. Nc4+ 1-0